| 000 | 00718nam a22002295a 4500 | ||
|---|---|---|---|
| 005 | 20150726112942.0 | ||
| 008 | 150628s2014 ii adk f 001 0 eng d | ||
| 020 | _a9789381714584 | ||
| 040 |
_aEG-ScBUE _beng _cEG-ScBUE |
||
| 082 | 0 | 4 |
_a621.381045 _bGHO _222 |
| 100 | 1 |
_aGhosh, M. K. _938240 |
|
| 245 | 1 | 0 |
_aOptoelectronics : _bsensors and instrumentation / _cM. K. Ghosh. |
| 250 | _a1st ed. | ||
| 260 |
_aNew Delhi : _bMedTec, _c2014. |
||
| 300 |
_axvi, 444 p. : _bcharts, forms, tables ; _c25 cm. |
||
| 500 | _aIndex : p. 435-444. | ||
| 650 |
_aOptoelectronic devices. _2BUEsh |
||
| 651 | _2BUEsh | ||
| 653 |
_bENGGEN _cJune2015 _cJuly2015 |
||
| 655 |
_vreading book _934232 |
||
| 942 |
_2ddc _k621.381045 GHO |
||
| 999 |
_c19955 _d19927 |
||